Janeway's immunobiology (Record no. 19086)
[ view plain ]
| 000 -LEADER | |
|---|---|
| fixed length control field | 00729nam a2200253 a 4500 |
| 001 - CONTROL NUMBER | |
| control field | 156695 |
| 003 - CONTROL NUMBER IDENTIFIER | |
| control field | OSt |
| 005 - DATE AND TIME OF LATEST TRANSACTION | |
| control field | 20211008100720.0 |
| 008 - FIXED-LENGTH DATA ELEMENTS--GENERAL INFORMATION | |
| fixed length control field | 190213 ### HIN |
| 020 ## - INTERNATIONAL STANDARD BOOK NUMBER | |
| International Standard Book Number | 9780815345510 |
| 082 ## - DEWEY DECIMAL CLASSIFICATION NUMBER | |
| Classification number | 616.079 |
| Item number | M95J |
| 100 ## - MAIN ENTRY--PERSONAL NAME | |
| Personal name | Murphy, Kenneth |
| 245 ## - TITLE STATEMENT | |
| Title | Janeway's immunobiology |
| Statement of responsibility, etc | by Kenneth Murphy and Casey Weaver; with contributions by Allan Mowat, Leslie Berg and David Chaplin |
| 250 ## - EDITION STATEMENT | |
| Edition statement | 9th ed. |
| 260 ## - PUBLICATION, DISTRIBUTION, ETC. (IMPRINT) | |
| Place of publication, distribution, etc | New York |
| Name of publisher, distributor, etc | Garland Science |
| Date of publication, distribution, etc | 2017 |
| 300 ## - PHYSICAL DESCRIPTION | |
| Extent | xx, 904p. |
| 653 ## - INDEX TERM--UNCONTROLLED | |
| Uncontrolled term | Immunology |
| 653 ## - INDEX TERM--UNCONTROLLED | |
| Uncontrolled term | Immunotherapy |
| 653 ## - INDEX TERM--UNCONTROLLED | |
| Uncontrolled term | Immune system--Pathophysiology |
| 653 ## - INDEX TERM--UNCONTROLLED | |
| Uncontrolled term | Immune system--Physiology |
| 653 ## - INDEX TERM--UNCONTROLLED | |
| Uncontrolled term | Immunity |
| 700 ## - ADDED ENTRY--PERSONAL NAME | |
| Personal name | Weaver, Casey |
| 942 ## - ADDED ENTRY ELEMENTS (KOHA) | |
| Source of classification or shelving scheme | Dewey Decimal Classification |
| Koha item type | Books |
| Withdrawn status | Lost status | Source of classification or shelving scheme | Damaged status | Not for loan | Collection code | Home library | Current library | Date acquired | Source of acquisition | Total Checkouts | Full call number | Barcode | Date last seen | Date checked out | Price effective from | Koha item type |
|---|---|---|---|---|---|---|---|---|---|---|---|---|---|---|---|---|
| Dewey Decimal Classification | General Text Book | Central University Of Rajasthan | Central University Of Rajasthan | 13/02/2019 | BCH | 13 | 616.079 M95J | 31699 | 21/05/2026 | 18/03/2026 | 02/09/2020 | Books |
